ঊনবিংশ শতাব্দীর বাংলা সাহিত্যে স্বদেশপ্রেম / (Record no. 55899)
[ view plain ]
| 000 -LEADER | |
|---|---|
| fixed length control field | 01024nam a2200229 a 4500 |
| 001 - CONTROL NUMBER | |
| control field | 55899 |
| 003 - CONTROL NUMBER IDENTIFIER | |
| rucl marc code | BD-RjUL |
| 005 - DATE AND TIME OF LATEST TRANSACTION | |
| control field | 20211209080329.0 |
| 008 - FIXED-LENGTH DATA ELEMENTS--GENERAL INFORMATION | |
| fixed length control field | 161122s1982 ii ||||| |||| 00| 0 ben d |
| 020 ## - INTERNATIONAL STANDARD BOOK NUMBER | |
| Terms of availability | : IRs 45.00 |
| 035 ## - SYSTEM CONTROL NUMBER | |
| System control number | (BD-RjUL) 56023 |
| 040 ## - CATALOGING SOURCE | |
| Original cataloging agency | BD-RjUL |
| Language of cataloging | ben |
| Transcribing agency | BD-RjUL |
| 041 ## - LANGUAGE CODE | |
| Language code of text/sound track or separate title | ben |
| 082 ## - DEWEY DECIMAL CLASSIFICATION NUMBER | |
| Edition number | 23 |
| Classification number | 891.4409 |
| Author mark and year | KAU 1982 |
| 100 ## - MAIN ENTRY--PERSONAL NAME | |
| Personal name | কাঞ্জিলাল, শ্রীমতী অঞ্জলি |
| 9 (RLIN) | 166414 |
| 245 10 - TITLE STATEMENT | |
| Title | ঊনবিংশ শতাব্দীর বাংলা সাহিত্যে স্বদেশপ্রেম / |
| Statement of responsibility, etc. | শ্রীমতী অঞ্জলি কাঞ্জিলাল |
| 260 ## - PUBLICATION, DISTRIBUTION, ETC. (IMPRINT) | |
| Place of publication, distribution, etc. | কলিকাতা : |
| Name of publisher, distributor, etc. | মাডার্ণ বুক, |
| Date of publication, distribution, etc. | ১৯৮২ [১৩৮৯] |
| 300 ## - PHYSICAL DESCRIPTION | |
| Pagination | [৪০], ৭১৫ পৃ. ; |
| Size | ২১ সেমি . |
| 650 ## - SUBJECT ADDED ENTRY--TOPICAL TERM | |
| Topical term or geographic name as entry element | বাংলা সাহিত্য |
| General subdivision | ইতিহাস ও সমালোচনা |
| 9 (RLIN) | 166415 |
| Topical term or geographic name as entry element | Bengali Literature |
| General subdivision | History & Criticism |
| 9 (RLIN) | 166416 |
| 942 ## - ADDED ENTRY ELEMENTS (KOHA) | |
| Source of classification or shelving scheme | Dewey Decimal Classification |
| Koha item type | Books |
| Lost status | Source of classification or shelving scheme | Damaged status | Not for loan | Collection code | Permanent Location | Current Location | Shelving location | Date acquired | Source of acquisition | Cost, normal purchase price | Total Checkouts | Full call number | Date last seen | Date checked out | Copy number | Koha item type |
|---|---|---|---|---|---|---|---|---|---|---|---|---|---|---|---|---|
| Dewey Decimal Classification | Non-fiction | Central Library, University of Rajshahi | Central Library, University of Rajshahi | 21/12/1996 | ankur | 45.00 | 1 | B 891.4409 KAU 1982 | 22/05/2017 | 15/05/2017 | C-2 | Books |